Boletín del colegio de abogados de Apatzingán (Record no. 43521)

MARC details
000 -LEADER
fixed length control field 00675nam a22001457a 4500
008 - FIXED-LENGTH DATA ELEMENTS--GENERAL INFORMATION
fixed length control field 131021t mx||||| |||| 00| 0 spa d
050 04 - LIBRARY OF CONGRESS CALL NUMBER
Classification number KGF207 .A15
Item number A63 1964
245 00 - TITLE STATEMENT
Title Boletín del colegio de abogados de Apatzingán
Statement of responsibility, etc / Colegio de abogados de Apatzingán
260 ## - PUBLICATION, DISTRIBUTION, ETC. (IMPRINT)
Place of publication, distribution, etc Apatzigán de la Constitución, Michoacán de Ocampo, México :
Name of publisher, distributor, etc [s.n.],|
Date of publication, distribution, etc 1964.
300 ## - PHYSICAL DESCRIPTION
Extent 21 p. ;
Dimensions 27 cm.
610 2# - SUBJECT ADDED ENTRY--CORPORATE NAME
Corporate name or jurisdiction name as entry element Colegio de Abogados de Apatzigán, Michoacán de Ocampo, México
General subdivision Boletín
650 #7 - SUBJECT ADDED ENTRY--TOPICAL TERM
Source of heading or term LEMB
Topical term or geographic name as entry element Leyes y legislación
General subdivision Boletín
Geographic subdivision Apatzingán de la Constitución, Michoacán de Ocampo, México
700 1# - ADDED ENTRY--PERSONAL NAME
Personal name Sanchez Perez, Daniel,
Titles and other words associated with a name [Lic.]
Relator term Director
942 ## - ADDED ENTRY ELEMENTS (KOHA)
Source of classification or shelving scheme Biblioteca del Cogreso de los Estados Unidos
Koha item type Libro
Holdings
Estado de pérdida Fuente de clasificación Estado del daño No para préstamo Ubicación permanente Ubicación actual Apartado o colección Fecha de adquisición Edición Área del conocimiento Clasificación Código de Barras Date last seen Número de copia Costo por reposición Tipo de recurso Nota pública
  Biblioteca del Cogreso de los Estados Unidos     Biblioteca del Instituto de Investigaciones Históricas Biblioteca del Instituto de Investigaciones Históricas Fondo Michoacán 21/10/2013 1a ed. Ciencias Sociales y Administrativas KGF207.A15 A63 1964 IIH000010470 21/10/2013 C:1 1.00 Libro MICHOACÁN